The Mahatma and The World/ (Record no. 210559)

MARC details
000 -LEADER
fixed length control field 00635nam a22002057a 4500
005 - DATE AND TIME OF LATEST TRANSACTION
control field 20250328105012.0
010 ## - LCCN (DPL NO)
LC control number ENG-144320
020 ## - INTERNATIONAL STANDARD BOOK NUMBER
International Standard Book Number 978195527397
Terms of availability 750.00
035 ## - SYSTEM CONTROL NUMBER
System control number EN-127852
037 ## - SOURCE OF ACQUISITION
Source of stock number/acquisition DBAD
082 ## - DEWEY DECIMAL CLASSIFICATION NUMBER
Classification number 301.153
Edition number 1
100 ## - MAIN ENTRY--PERSONAL NAME
Personal name Shridharani, Krishnalal
245 ## - TITLE STATEMENT
Title The Mahatma and The World/
Statement of responsibility, etc Krishnalal Shridharani
250 ## - EDITION STATEMENT
Edition statement 1
260 ## - PUBLICATION, DISTRIBUTION, ETC. (IMPRINT)
Place of publication, distribution, etc Bhubaneswar
Name of publisher, distributor, etc Saraswati Prakash
Date of publication, distribution, etc 2022
270 ## - ADDRESS
City Bhubaneswar
Postal code 752101
Telephone number 9556966622
Electronic mail address saraswatiprakashan7@gmail.com
300 ## - PHYSICAL DESCRIPTION
Extent 200p.
Dimensions 22cm(Hb)
700 ## - ADDED ENTRY--PERSONAL NAME
Personal name Krishnalal Shridharani
Relator term Author
9 (RLIN) 79478
942 ## - ADDED ENTRY ELEMENTS (KOHA)
Source of classification or shelving scheme Dewey Decimal Classification
Item type English Books
Call number suffix SHR
Classification part 301.153
Holdings
Withdrawn status Lost status Not for loan Collection code Home library Current library Date acquired Source of acquisition Cost, normal purchase price Full call number Barcode Copy number Cost, replacement price Koha item type
      Non-fiction Janak Puri Janak Puri 28/03/2025 DBAD 750.00 SHR 301.153 EN-127852 1 750.00 English Books

© Delhi Public Library
Hit Counter
free hit counter